000
00248nam a2200109Ia 4500
008
190216s9999||||xx |||||||||||||| ||und||
100
_a
Null
245
0
_a
Subbanna
260
_b
Sree Narasimha Vialsam Book Depo
650
_a
Malayalam
942
_c
BK
999
_c
23963
_d
23963